[Event "4NCL 2011-12"]
[Site "Hinkley ENG"]
[Date "2012.03.31"]
[Round "7.75"]
[White "Ferguson, Mark"]
[Black "Dickinson, Tim R"]
[Result "1-0"]
[WhiteTitle "IM"]
[WhiteElo "2374"]
[BlackElo "2152"]
[WhiteTeam "Barbican 4NCL 1"]
[BlackTeam "Oxford"]
[WhiteFideId "403547"]
[BlackFideId "405728"]
[EventDate "2011.11.12"]

1. e4 c6 2. d4 d5 3. e5 a6 4. c4 Bf5 5. Qb3 Qc7 6. Nc3 e6 7. Nf3 Nd7 8. Be3 Ne7
9. Rc1 dxc4 10. Bxc4 Nb6 11. Nd2 Rd8 12. Be2 Ned5 13. O-O Be7 14. Nce4 Bb4 15.
Bg5 f6 16. exf6 Bxd2 17. f7+ Qxf7 18. Nxd2 Rd7 19. Nf3 Qh5 20. Bd2 O-O 21. Rfe1
Bg4 22. h3 Bxf3 23. Bxf3 Qf7 24. Re2 Nf4 25. Bxf4 Qxf4 26. Qxe6+ Kh8 27. Rd1
Rxd4 28. Rxd4 Qxd4 29. Qe7 Qf4 30. Re4 Qb8 31. Rg4 Rg8 32. Be4 Nd5 33. Rh4 1-0

[Event "4NCL 2011-12"]
[Site "Hinkley ENG"]
[Date "2012.03.31"]
[Round "7.78"]
[White "Miranda Gonzalez, Nicole"]
[Black "Regan, Natasha K"]
[Result "1/2-1/2"]
[BlackTitle "WIM"]
[WhiteElo "2027"]
[BlackElo "2096"]
[WhiteTeam "Oxford"]
[BlackTeam "Barbican 4NCL 2"]
[WhiteFideId "3405770"]
[BlackFideId "403067"]
[EventDate "2011.11.12"]

1. e4 Nf6 2. d3 e5 3. Nf3 Nc6 4. g3 Bc5 5. Bg2 d5 6. exd5 Nxd5 7. Qe2 Bg4 8. O-O
O-O 9. Be3 Nxe3 10. fxe3 Kh8 11. Nc3 f5 12. h3 Bxf3 13. Rxf3 f4 14. gxf4 exf4
15. d4 Bb6 16. Raf1 Re8 17. Rxf4 Bxd4 18. Ne4 Be5 19. Rf7 Qh4 20. Qf3 h6 21. c3
Ne7 22. Nc5 1/2-1/2

[Event "4NCL 2011-12"]
[Site "Hinkley ENG"]
[Date "2012.03.31"]
[Round "7.81"]
[White "Greet, Andrew N"]
[Black "Dearing, Eddie"]
[Result "0-1"]
[WhiteTitle "IM"]
[BlackTitle "IM"]
[WhiteElo "2449"]
[BlackElo "2411"]
[WhiteTeam "Wood Green Hilsmark 2"]
[BlackTeam "Cambridge University"]
[WhiteFideId "405817"]
[BlackFideId "2400731"]
[EventDate "2011.11.12"]

1. d4 d5 2. c4 c6 3. Nf3 Nf6 4. Nbd2 Bf5 5. Nh4 Be6 6. e3 g6 7. Bd3 Bg7 8. O-O
O-O 9. Nhf3 dxc4 10. Nxc4 c5 11. dxc5 Nc6 12. Nce5 Nxe5 13. Nxe5 Qd5 14. Nf3
Qxc5 15. Nd4 Bd5 16. Qe2 Rfd8 17. Rd1 e5 18. Nb3 Qc6 19. Bb5 Qe6 20. Nc5 Qe7 21.
e4 Qxc5 22. exd5 Rxd5 23. Be3 Qxb5 0-1

[Event "4NCL 2011-12"]
[Site "Hinkley ENG"]
[Date "2012.03.31"]
[Round "7.42"]
[White "Mah, Karl C C"]
[Black "Trent, Lawrence"]
[Result "1/2-1/2"]
[WhiteTitle "IM"]
[BlackTitle "IM"]
[WhiteElo "2419"]
[BlackElo "2433"]
[WhiteTeam "Cambridge University"]
[BlackTeam "Wood Green Hilsmark 2"]
[WhiteFideId "404381"]
[BlackFideId "408638"]
[EventDate "2011.11.12"]

1. c4 Nf6 2. g3 g6 3. Bg2 Bg7 4. Nc3 O-O 5. e4 d6 6. Nge2 c5 7. O-O Nc6 8. d3
Bd7 9. h3 Ne8 10. Be3 Nd4 11. Rb1 Bc6 12. b4 b6 13. b5 Bb7 14. Bxd4 cxd4 15. Nd5
a5 16. bxa6 Bxd5 17. cxd5 Nc7 18. Rxb6 Nxa6 19. Qb1 Nc5 20. Rb4 Qa5 21. Nc1 Na4
22. Rb7 Nc3 23. Qb4 Qxb4 24. Rxb4 Rfc8 25. Rb2 Rcb8 26. Rc2 Ra3 27. f4 h6 28.
Kh2 Rb1 29. Rff2 Nd1 30. Rfd2 Ne3 31. Rc8+ Kh7 32. Nb3 h5 33. Rb8 g5 34. Rb7
gxf4 35. gxf4 Bf6 36. Na5 Rd1 37. Rxd1 Nxd1 38. Nc4 Rxa2 39. e5 dxe5 40. fxe5
Bg5 41. d6 exd6 42. e6 Ne3 43. Nb2 d5 44. h4 Bf4+ 45. Kh3 Nxg2 46. Kxg2 Bd6 47.
Rxf7+ Kg6 48. Rf2 Be7 49. Kg3 Ra1 50. Rf7 Bd6+ 51. Kg2 Re1 52. Rd7 Rxe6 53. Nd1
Kf5 54. Nf2 Rg6+ 55. Kf3 Rg3+ 56. Ke2 Re3+ 57. Kf1 Re6 58. Rf7+ Kg6 59. Rf3 Re3
60. Kg2 Be7 61. Nh3 Re5 62. Nf4+ Kh6 63. Kg3 Bd6 64. Kf2 Be7 65. Ng2 Kg6 66.
Nf4+ Kg7 67. Ng2 Bf6 68. Rf4 Bd8 69. Kf3 Bb6 70. Kf2 Ba5 71. Kf3 Bb6 72. Kf2 Bc5
73. Kf3 Kg6 74. Kf2 Be7 75. Kf3 Bc5 76. Kf2 1/2-1/2

[Event "4NCL 2011-12"]
[Site "Hinkley ENG"]
[Date "2012.03.31"]
[Round "7.43"]
[White "Houska, Jovanka"]
[Black "Pinter, Gabor"]
[Result "1/2-1/2"]
[WhiteTitle "IM"]
[BlackTitle "IM"]
[WhiteElo "2415"]
[BlackElo "2360"]
[WhiteTeam "Wood Green Hilsmark"]
[BlackTeam "Cambridge University"]
[WhiteFideId "405094"]
[BlackFideId "717371"]
[EventDate "2011.11.12"]

1. d4 Nf6 2. Nf3 g6 3. c4 Bg7 4. g3 d6 5. Bg2 O-O 6. O-O c6 7. Nc3 Bf5 8. Nh4
Be6 9. d5 cxd5 10. cxd5 Bd7 11. Qb3 Na6 12. Qa3 Nc7 13. e4 a5 14. h3 b5 15. Ne2
b4 16. Qe3 e6 17. dxe6 Bxe6 18. Rd1 Re8 19. Qd3 Nd7 20. Nf4 Ne5 21. Nxe6 Nxe6
22. Qd5 Rc8 23. a3 Nc4 24. axb4 axb4 25. Ra2 Nd4 26. Ra7 Re6 27. Bf1 Ne5 28.
Rxd4 Rxc1 29. Ra8 Rc8 30. Rxc8 Qxc8 31. Rxb4 Bf6 32. Ra4 Qc1 33. Ra8+ Kg7 34.
Ra7 Re7 35. Rxe7 Bxe7 36. Kg2 1/2-1/2

[Event "4NCL 2011-12"]
[Site "Hinkley ENG"]
[Date "2012.03.31"]
[Round "7.44"]
[White "Moskovic, David M"]
[Black "Hanley, Craig A"]
[Result "1-0"]
[WhiteTitle "FM"]
[BlackTitle "IM"]
[WhiteElo "2324"]
[BlackElo "2415"]
[WhiteTeam "Cambridge University"]
[BlackTeam "Wood Green Hilsmark"]
[WhiteFideId "404535"]
[BlackFideId "408514"]
[EventDate "2011.11.12"]

1. d4 d5 2. c4 Bf5 3. cxd5 Bxb1 4. Qa4+ c6 5. Rxb1 Qxd5 6. Nf3 Nd7 7. a3 Qe4 8.
Nd2 Qg6 9. e3 e5 10. dxe5 Nc5 11. Qd1 a5 12. b4 axb4 13. axb4 Na4 14. Qb3 Ne7
15. e4 b5 16. g3 Rd8 17. Be2 Nc8 18. f4 Qe6 19. Nf3 Qxb3 20. Rxb3 Be7 21. Be3
Ncb6 22. Kf2 Nc4 23. Rc1 1-0

[Event "4NCL 2011-12"]
[Site "Hinkley ENG"]
[Date "2012.03.31"]
[Round "7.85"]
[White "McDonald, Neil"]
[Black "Alfred, Nathan S W"]
[Result "1-0"]
[WhiteTitle "GM"]
[BlackTitle "FM"]
[WhiteElo "2457"]
[BlackElo "2294"]
[WhiteTeam "Wood Green Hilsmark 1"]
[BlackTeam "Cambridge University"]
[WhiteFideId "400629"]
[BlackFideId "407739"]
[EventDate "2011.11.12"]

1. e4 e6 2. d4 d5 3. Nd2 Nf6 4. e5 Nfd7 5. Ngf3 c5 6. c3 Nc6 7. Bd3 Be7 8. O-O
g5 9. dxc5 Nxc5 10. Bb5 Bd7 11. Re1 Qb6 12. a4 O-O-O 13. Bf1 f5 14. exf6 Bxf6
15. b4 g4 16. bxc5 Qc7 17. Nd4 Nxd4 18. cxd4 Bxd4 19. Ra2 Bxf2+ 20. Kxf2 Qxh2
21. Ke2 e5 22. Kd3 e4+ 23. Kc2 Bf5 24. Kb2 Qe5+ 25. Ka3 d4 26. Nb3 Rd5 27. Bc4
Rxc5 28. Qxd4 1-0

[Event "4NCL 2011-12"]
[Site "Hinkley ENG"]
[Date "2012.03.31"]
[Round "7.46"]
[White "Bisby, Daniel L"]
[Black "Martin, Andrew D"]
[Result "1-0"]
[WhiteTitle "FM"]
[BlackTitle "IM"]
[WhiteElo "2264"]
[BlackElo "2399"]
[WhiteTeam "Cambridge University"]
[BlackTeam "Wood Green Hilsmark"]
[WhiteFideId "404586"]
[BlackFideId "400300"]
[EventDate "2011.11.12"]

1. e4 g6 2. d4 Bg7 3. Nc3 c6 4. f4 d5 5. e5 h5 6. Nf3 Bg4 7. Be3 e6 8. Bd3 Nd7
9. h3 Bxf3 10. Qxf3 h4 11. O-O Ne7 12. Bf2 Nf5 13. Ne2 Bf8 14. Kh2 Be7 15. b3 b5
16. Ng1 Qb6 17. c3 Kf8 18. Qe2 Kg7 19. Nf3 Rh5 20. c4 Rb8 21. Rac1 bxc4 22. bxc4
Qd8 23. cxd5 cxd5 24. Rc6 Rb6 25. Rfc1 Rxc6 26. Rxc6 Nb8 27. Rc3 Rh8 28. Qb2 Ng3
29. Qb7 Ne4 30. Bxe4 dxe4 31. Rc7 exf3 32. Rxe7 Rf8 33. Bxh4 Qxd4 34. Qxf3 Nd7
35. Rxd7 1-0

[Event "4NCL 2011-12"]
[Site "Hinkley ENG"]
[Date "2012.03.31"]
[Round "7.47"]
[White "Pein, Malcolm"]
[Black "Karayiannis, Costas"]
[Result "1/2-1/2"]
[WhiteTitle "IM"]
[WhiteElo "2382"]
[BlackElo "2162"]
[WhiteTeam "Wood Green Hilsmark 2"]
[BlackTeam "Cambridge University"]
[WhiteFideId "400289"]
[BlackFideId "405183"]
[EventDate "2011.11.12"]

1. d4 e6 2. c4 Nf6 3. Nc3 d5 4. Bg5 Be7 5. e3 h6 6. Bh4 O-O 7. Nf3 b6 8. Rb1 Bb7
9. Bxf6 Bxf6 10. cxd5 exd5 11. b4 Re8 12. Qb3 c6 13. Be2 Qd6 14. O-O Nd7 15.
Rfd1 a5 16. bxa5 Rxa5 17. a4 Ba6 18. Bxa6 Rxa6 19. Re1 Qb8 20. Rbc1 Qa8 21. g3
g6 22. Re2 Bg7 23. Rec2 Rd8 24. Ne1 c5 25. Nf3 c4 26. Qb5 Ra5 27. Qb1 Kh7 28.
Rb2 Qc6 29. Qc2 Rda8 30. h4 Bf8 31. Rcb1 Ba3 32. Ra2 Bd6 33. h5 Kg7 34. Nh4 Be7
35. Ng2 Bd6 36. Rab2 Bc7 37. Rb5 Rxb5 38. Rxb5 Ra5 39. hxg6 fxg6 40. e4 dxe4 41.
d5 Qf6 42. Rxa5 bxa5 43. Qxe4 Be5 44. Ne2 Nb6 45. Ne3 c3 46. Ng4 Qf5 47. Qxe5+
Qxe5 48. Nxe5 Nxa4 49. Nc4 c2 50. Nxa5 Nc3 51. Nc1 Nxd5 52. Nc6 Kf6 53. Nd4 Nb4
54. Kf1 Ke5 55. Nf3+ Ke4 56. Ke2 g5 57. Nd2+ Kf5 58. Ke3 h5 59. Nf3 h4 60. gxh4
gxh4 61. Nxh4+ Kg4 62. Ng2 Nd5+ 63. Ke2 Nc3+ 64. Kf1 Nd1 65. f4 Ne3+ 66. Nxe3+
Kxf4 67. Nxc2 1/2-1/2

[Event "4NCL 2011-12"]
[Site "Hinkley ENG"]
[Date "2012.03.31"]
[Round "7.48"]
[White "Kourtseva, Julie"]
[Black "Hegarty, Sarah N"]
[Result "0-1"]
[BlackTitle "WFM"]
[WhiteElo "1742"]
[BlackElo "2060"]
[WhiteTeam "Cambridge University"]
[BlackTeam "Wood Green Hilsmark"]
[WhiteFideId "418749"]
[BlackFideId "2501465"]
[EventDate "2011.11.12"]

1. d4 Nf6 2. Nf3 g6 3. c4 Bg7 4. Nc3 d5 5. e3 O-O 6. cxd5 Nxd5 7. Bc4 Nxc3 8.
bxc3 c5 9. O-O Qc7 10. Be2 Rd8 11. Bb2 e5 12. Qb3 Nc6 13. dxe5 Be6 14. Qc2 Nxe5
15. c4 Nxf3+ 16. gxf3 Be5 17. Bxe5 Qxe5 18. f4 Qf6 19. Rad1 Bh3 20. Rfe1 Re8 21.
Rd5 Rac8 22. Red1 Bf5 23. Qa4 Be4 24. Rd6 Qf5 25. Qd7 Qxd7 26. Rxd7 Bc6 27. R7d6
Kf8 28. Bg4 f5 29. Bh3 Ke7 30. Bg2 Ba4 31. R1d2 b6 32. R6d5 Kf7 33. Bf3 Bc6 34.
Rd7+ Bxd7 35. Rxd7+ Re7 36. Bd5+ Kf8 37. Rxe7 Kxe7 38. a4 Rd8 39. f3 Kf6 40. Kf2
g5 41. Kg3 Re8 42. fxg5+ Kxg5 43. h4+ Kf6 44. Kf4 Re7 45. e4 fxe4 46. fxe4 Rg7
47. e5+ Ke7 48. Kf5 Rg3 49. Bc6 h5 0-1

[Event "4NCL 2011-12"]
[Site "Hinkley ENG"]
[Date "2012.04.01"]
[Round "8.11"]
[White "Rowson, Jonathan"]
[Black "Wells, Peter K"]
[Result "1/2-1/2"]
[WhiteTitle "GM"]
[BlackTitle "GM"]
[WhiteElo "2581"]
[BlackElo "2492"]
[WhiteTeam "Wood Green Hilsmark 1"]
[BlackTeam "White Rose"]
[WhiteFideId "2400561"]
[BlackFideId "400327"]
[EventDate "2011.11.12"]

1. d4 Nf6 2. c4 e6 3. Nc3 Bb4 4. Qc2 d5 5. cxd5 exd5 6. Bg5 c5 7. a3 Bxc3+ 8.
bxc3 Nbd7 9. Nf3 Qa5 10. Nd2 O-O 11. f3 Re8 12. Kf2 Qc7 13. e3 cxd4 14. exd4 h6
15. Bxf6 Nxf6 16. g3 Qe7 17. Bd3 Qe3+ 18. Kg2 Bd7 19. a4 Rac8 20. Rhc1 Nh5 21.
Nf1 Qg5 22. Kf2 Bh3 1/2-1/2

[Event "4NCL 2011-12"]
[Site "Hinkley ENG"]
[Date "2012.04.01"]
[Round "8.12"]
[White "Palliser, Richard J D"]
[Black "Pert, Nicholas"]
[Result "1/2-1/2"]
[WhiteTitle "IM"]
[BlackTitle "GM"]
[WhiteElo "2447"]
[BlackElo "2563"]
[WhiteTeam "White Rose"]
[BlackTeam "Wood Green Hilsmark 2"]
[WhiteFideId "407372"]
[BlackFideId "403989"]
[EventDate "2011.11.12"]

1. d4 d5 2. c4 c6 3. Nf3 Nf6 4. Qb3 a5 5. Bf4 a4 6. Qc2 g6 7. e3 Bf5 8. Bd3 Bxd3
9. Qxd3 e6 10. a3 Bg7 11. Nbd2 O-O 12. b4 axb3 13. Qxb3 b6 14. O-O c5 15. cxd5
Nxd5 16. Be5 cxd4 1/2-1/2

[Event "4NCL 2011-12"]
[Site "Hinkley ENG"]
[Date "2012.04.01"]
[Round "8.13"]
[White "Gordon, Stephen J"]
[Black "McNab, Colin A"]
[Result "1/2-1/2"]
[WhiteTitle "GM"]
[BlackTitle "GM"]
[WhiteElo "2535"]
[BlackElo "2438"]
[WhiteTeam "Wood Green Hilsmark 1"]
[BlackTeam "White Rose"]
[WhiteFideId "411477"]
[BlackFideId "2400030"]
[EventDate "2011.11.12"]

1. d4 d6 2. Nf3 g6 3. c4 Bg7 4. Nc3 c6 5. e4 Bg4 6. Be3 Bxf3 7. gxf3 Nd7 8. h4
Ngf6 9. f4 Qa5 10. Qd2 Ng4 11. Bh3 Nxe3 12. Bxd7+ Kxd7 13. fxe3 c5 14. Rd1 Rac8
15. b3 cxd4 16. exd4 Qh5 17. Qe2 Bh6 18. Nd5 Qxe2+ 19. Kxe2 e6 20. Nb4 f5 21.
exf5 gxf5 22. Kf3 Rhg8 23. Rhg1 a5 24. Nd3 Bg7 25. Ke3 Bf6 26. h5 Ke7 27. Nb2
Kf7 28. Na4 Rxg1 29. Rxg1 Rd8 30. Nc3 e5 31. fxe5 dxe5 32. dxe5 Re8 1/2-1/2

[Event "4NCL 2011-12"]
[Site "Hinkley ENG"]
[Date "2012.04.01"]
[Round "8.17"]
[White "Arakhamia-Grant, Ketevan"]
[Black "Townsend, M Paul"]
[Result "0-1"]
[WhiteTitle "GM"]
[WhiteElo "2443"]
[BlackElo "2255"]
[WhiteTeam "Wood Green Hilsmark 1"]
[BlackTeam "White Rose"]
[WhiteFideId "13600168"]
[BlackFideId "402320"]
[EventDate "2011.11.12"]

1. e4 e6 2. d4 d5 3. Nc3 Nc6 4. Nf3 Nf6 5. e5 Ne4 6. Bd3 Bb4 7. Bd2 Nxd2 8. Qxd2
f6 9. a3 Bxc3 10. Qxc3 fxe5 11. dxe5 Bd7 12. h4 Qe7 13. O-O-O O-O-O 14. Kb1 Rdf8
15. Rde1 Be8 16. h5 h6 17. Bb5 a6 18. Bxc6 Bxc6 19. Qe3 Kb8 20. Nd4 Ba4 21. f4
c5 22. Nf3 d4 23. Qd2 Rc8 24. Qa5 Bc6 25. Nh4 Rhd8 26. Ng6 Qf7 27. Rhg1 c4 28.
Qd2 c3 29. bxc3 dxc3 30. Qxc3 Ba4 31. Qb4 Bxc2+ 32. Ka1 Bxg6 33. hxg6 Qxg6 34.
Rb1 Rc7 35. Rgc1 Rdc8 36. Qd6 Qxg2 37. Qxa6 Rxc1 0-1

[Event "4NCL 2011-12"]
[Site "Hinkley ENG"]
[Date "2012.04.01"]
[Round "8.18"]
[White "Messam-Sparks, Lateefah"]
[Black "Lalic, Bogdan"]
[Result "0-1"]
[BlackTitle "GM"]
[WhiteElo "1962"]
[BlackElo "2454"]
[WhiteTeam "White Rose"]
[BlackTeam "Wood Green Hilsmark"]
[WhiteFideId "470813"]
[BlackFideId "409081"]
[EventDate "2011.11.12"]

1. d4 Nf6 2. c4 g6 3. Nc3 d5 4. e3 Bg7 5. Nf3 O-O 6. Bd2 c5 7. dxc5 Na6 8. cxd5
Nxc5 9. Bc4 a6 10. a4 Nfe4 11. O-O Bg4 12. Be1 Rc8 13. Be2 Nxc3 14. Bxc3 Bxc3
15. bxc3 Ne4 16. c4 Bxf3 17. Bxf3 Nd6 18. Qb3 Rxc4 19. e4 Qc7 20. Rfe1 f6 21. h4
Qc5 22. Qe3 Qxe3 23. Rxe3 Rfc8 24. Ree1 R8c5 25. h5 Kf7 26. hxg6+ hxg6 27. Kh2
Ra5 28. e5 fxe5 29. Bd1 Kf6 30. g3 Rc3 0-1

[Event "4NCL 2011-12"]
[Site "Hinkley ENG"]
[Date "2012.04.01"]
[Round "8.21"]
[White "Zhou, Yang-Fan"]
[Black "Williams, Simon K"]
[Result "1-0"]
[WhiteTitle "IM"]
[BlackTitle "GM"]
[WhiteElo "2436"]
[BlackElo "2513"]
[WhiteTeam "Guildford"]
[BlackTeam "Jutes of Kent"]
[WhiteFideId "468584"]
[BlackFideId "404454"]
[EventDate "2011.11.12"]

1. e4 c5 2. Nf3 e6 3. d4 cxd4 4. Nxd4 d6 5. Nc3 a6 6. g4 b5 7. Bg2 Bb7 8. O-O g5
9. a4 b4 10. Na2 h6 11. Nxb4 d5 12. exd5 Bxb4 13. Nc6 Bxc6 14. dxc6 Qxd1 15.
Rxd1 Ra7 16. Be3 Rc7 17. Bb6 Rc8 18. c7 Nd7 19. Bc6 Nf6 20. Rxd7 Nxd7 21. Rd1
Ke7 22. Rxd7+ Kf6 23. Bb7 1-0

[Event "4NCL 2011-12"]
[Site "Hinkley ENG"]
[Date "2012.04.01"]
[Round "8.22"]
[White "Gretarsson, Hjorvar Steinn"]
[Black "Smerdon, David"]
[Result "1/2-1/2"]
[WhiteTitle "FM"]
[BlackTitle "GM"]
[WhiteElo "2452"]
[BlackElo "2513"]
[WhiteTeam "Jutes of Kent"]
[BlackTeam "Guildford 1"]
[WhiteFideId "2302241"]
[BlackFideId "3202305"]
[EventDate "2011.11.12"]

1. d4 e6 2. c4 f5 3. Nf3 Nf6 4. Nc3 c6 5. Bf4 d5 6. e3 Bd6 7. Bd3 O-O 8. O-O Ne4
9. Bxd6 Nxd6 10. Ne5 Nd7 11. Qe2 Ne4 12. f4 Nxe5 13. fxe5 b6 14. Rac1 Bd7 15.
Bxe4 fxe4 16. b4 a6 17. Rxf8+ Qxf8 18. c5 b5 19. a4 Qf5 20. Rf1 Qg5 21. Qf2 Qe7
22. Qa2 Qg5 23. Rf4 Qd8 24. Rf1 a5 25. Qb3 axb4 26. Qxb4 Qg5 27. Rf4 Rf8 28. Ne2
Qh5 29. Rxf8+ Kxf8 30. Kf2 bxa4 31. h3 Qf5+ 32. Ke1 Qg5 33. Kf2 Qf5+ 34. Ke1 1/2-1/2

[Event "4NCL 2011-12"]
[Site "Hinkley ENG"]
[Date "2012.04.01"]
[Round "8.23"]
[White "Conquest, Stuart C"]
[Black "Galego, Luis"]
[Result "1/2-1/2"]
[WhiteTitle "GM"]
[BlackTitle "GM"]
[WhiteElo "2521"]
[BlackElo "2482"]
[WhiteTeam "Guildford 1"]
[BlackTeam "Jutes of Kent"]
[WhiteFideId "400181"]
[BlackFideId "1900072"]
[EventDate "2011.11.12"]

1. e4 c5 2. Nf3 e6 3. g3 Nc6 4. Bg2 Nf6 5. Qe2 d5 6. exd5 Nxd5 7. O-O Be7 8. Nc3
O-O 9. Rd1 Ndb4 10. d3 Nd4 11. Nxd4 cxd4 12. Nb5 a6 13. Na3 Ra7 14. c3 dxc3 15.
bxc3 Nd5 16. Bb2 b6 17. Rac1 Bb7 18. c4 Nf6 19. Bxb7 Rxb7 20. Nc2 Rd7 21. Rb1 b5
22. cxb5 axb5 23. Bxf6 Bxf6 24. Rxb5 Qa8 25. Ne3 Ra7 26. Rd2 Qc6 27. Rb3 g6 28.
Rc2 Qd7 29. Nc4 Bd4 30. Ne5 Bxe5 31. Qxe5 h5 32. h4 Rd8 33. Rbc3 Qd4 34. Qxd4
Rxd4 35. a3 Rda4 36. Ra2 Kg7 37. Kf1 f6 38. Kg2 g5 39. hxg5 fxg5 40. Kf3 Kf6 41.
Ra1 R7a5 42. Rb3 1/2-1/2

[Event "4NCL 2011-12"]
[Site "Hinkley ENG"]
[Date "2012.04.01"]
[Round "8.24"]
[White "Thorfinnsson, Bragi"]
[Black "Cuenca Jimenez, Jose Fernando"]
[Result "1-0"]
[WhiteTitle "IM"]
[BlackTitle "IM"]
[WhiteElo "2421"]
[BlackElo "2474"]
[WhiteTeam "Jutes of Kent"]
[BlackTeam "Guildford 1"]
[WhiteFideId "2300958"]
[BlackFideId "2255570"]
[EventDate "2011.11.12"]

1. d4 d6 2. Nf3 Nf6 3. c4 g6 4. Nc3 Bg7 5. e4 O-O 6. Be2 Na6 7. O-O e5 8. Be3
Ng4 9. Bg5 Qe8 10. dxe5 dxe5 11. Qc1 c6 12. Rd1 Nf6 13. h3 Nc5 14. Qe3 Qe7 15.
Rd2 Ne6 16. Bh6 Bxh6 17. Qxh6 Nd7 18. Rad1 a5 19. h4 f6 20. g3 Ndc5 21. b3 Ng7
22. Kg2 Be6 23. Qe3 Bg4 24. Ne1 Bxe2 25. Qxe2 Rf7 26. Qe3 Raf8 27. Nd3 Nce6 28.
Qb6 Qc7 29. Na4 Nd4 30. Qxc7 Rxc7 31. Nb6 Re7 32. Nc5 Rd8 33. a3 Nge6 34. Nxe6
Rxe6 35. b4 axb4 36. axb4 g5 37. hxg5 fxg5 38. c5 g4 39. Nc4 Rf8 40. Rh1 Nf3 41.
Rd7 Ng5 42. Nd6 Ref6 43. Nf5 Nxe4 44. Rg7+ 1-0

[Event "4NCL 2011-12"]
[Site "Hinkley ENG"]
[Date "2012.04.01"]
[Round "8.25"]
[White "Cherniaev, Alexander"]
[Black "Thorfinnsson, Bjorn"]
[Result "1-0"]
[WhiteTitle "GM"]
[BlackTitle "IM"]
[WhiteElo "2469"]
[BlackElo "2402"]
[WhiteTeam "Guildford 1"]
[BlackTeam "Jutes of Kent"]
[WhiteFideId "4117301"]
[BlackFideId "2300982"]
[EventDate "2011.11.12"]

1. e4 c6 2. d4 d5 3. exd5 cxd5 4. c4 Nf6 5. Nc3 Nc6 6. Bf4 Be6 7. c5 g6 8. Bb5
Bg7 9. Nge2 O-O 10. a3 Bd7 11. O-O Re8 12. b4 a6 13. Bxc6 bxc6 14. Be5 a5 15.
Na4 axb4 16. axb4 Bf5 17. Qb3 Nd7 18. Bxg7 Kxg7 19. Ng3 Be6 20. Nc3 Qc7 21. b5
cxb5 22. Nxb5 Qb7 23. Rab1 Reb8 24. Qe3 Qc6 25. Nc3 Qa6 26. h4 Qc4 27. Nce2 Rxb1
28. Rxb1 Qc2 29. Rb7 Ra1+ 30. Kh2 Qa4 31. Nf4 Qc6 32. Rb2 Ra8 33. h5 Nf6 34. Qe5
Kf8 35. f3 Bc8 36. Rb6 Qd7 37. h6 Qd8 38. Nge2 e6 39. Nc3 Ra3 40. Rd6 Qe7 41.
Ncxd5 Ng4+ 42. Kg3 Nxe5 43. Nxe7 Kxe7 44. dxe5 Rc3 45. Nd3 Bd7 46. Rd4 Bb5 47.
Nf2 Rxc5 48. Ng4 g5 49. Rd1 Rc7 50. Nf6 Rc5 51. Re1 Bd3 52. Kg4 Rc2 53. g3 Rc3
54. Kxg5 Bb5 55. Kf4 Bc6 56. Re3 Rc1 57. Kg5 1-0

[Event "4NCL 2011-12"]
[Site "Hinkley ENG"]
[Date "2012.04.01"]
[Round "8.26"]
[White "Johannesson, Ingvar Thor"]
[Black "Kosten, Anthony C."]
[Result "0-1"]
[WhiteTitle "FM"]
[BlackTitle "GM"]
[WhiteElo "2337"]
[BlackElo "2498"]
[WhiteTeam "Jutes of Kent"]
[BlackTeam "Guildford 1"]
[WhiteFideId "2301490"]
[BlackFideId "400114"]
[EventDate "2011.11.12"]

1. Nf3 c5 2. c4 Nc6 3. Nc3 e5 4. g3 g6 5. a3 Bg7 6. Rb1 a5 7. Bg2 Nge7 8. O-O d6
9. d3 O-O 10. Ne1 Be6 11. Bg5 f6 12. Be3 Qd7 13. Nc2 a4 14. b3 axb3 15. Rxb3
Rab8 16. Qb1 Nd4 17. Bxd4 exd4 18. Nd5 Nxd5 19. cxd5 Bf7 20. Rb6 f5 21. e3 Rfc8
22. exd4 c4 23. dxc4 Rxc4 24. Qb3 Rc7 25. Rb4 f4 26. gxf4 Qf5 27. Ne3 Qxf4 28.
Rd1 g5 29. Rc4 Re7 30. Rdc1 Rbe8 31. Qd1 Bg6 32. Qf3 Bxd4 33. Qxf4 gxf4 34. Rxd4
fxe3 35. fxe3 Rxe3 36. Rb4 R8e7 37. Rb6 Rd7 38. a4 Kg7 39. a5 Ra3 40. a6 bxa6
41. Bf1 Kf6 42. Rxa6 Rxa6 43. Bxa6 Be4 44. Kf2 Ke5 45. Be2 Bxd5 46. Rg1 Be4 47.
Ke3 d5 48. Bd3 d4+ 49. Kd2 Ra7 50. Bxe4 Kxe4 51. Rg4+ Kd5 52. Rh4 Kc4 53. Rh6
Ra2+ 54. Kc1 Kc3 55. Kb1 Ra7 56. Rc6+ Kd2 57. Rc2+ Ke3 58. Rg2 d3 59. Rg3+ Kd2
60. Rg2+ Kc3 61. Rg3 Rf7 0-1

[Event "4NCL 2011-12"]
[Site "Hinkley ENG"]
[Date "2012.04.01"]
[Round "8.27"]
[White "Garrido Dominguez, Jesus"]
[Black "Harakis, Alexis M"]
[Result "1-0"]
[WhiteTitle "IM"]
[WhiteElo "2389"]
[BlackElo "2220"]
[WhiteTeam "Guildford 2"]
[BlackTeam "Jutes of Kent"]
[WhiteFideId "2254174"]
[BlackFideId "403954"]
[EventDate "2011.11.12"]

1. e4 e6 2. d4 d5 3. Nd2 dxe4 4. Nxe4 Nd7 5. Nf3 Ngf6 6. Bd3 c5 7. dxc5 Nxe4 8.
Bxe4 Nxc5 9. Qxd8+ Kxd8 10. Ng5 Nxe4 11. Nxe4 f6 12. Be3 Bb4+ 13. c3 Be7 14.
O-O-O+ Kc7 15. f4 b6 16. Rhe1 Bd7 17. Bd4 Rhe8 18. g3 Bf8 19. Nf2 Bc6 20. Re3 b5
21. Nd3 Bd5 22. b3 a5 23. Kb2 Kc6 24. Rc1 a4 25. c4 bxc4 26. bxc4 Rab8+ 27. Kc3
Bg2 28. Rg1 Bd5 29. Rc1 Ba3 30. Rc2 Rec8 31. Kd2 Bg2 32. Rxe6+ Kd7 33. Ra6 Bb4+
34. Bc3 Bxc3+ 35. Kxc3 Ra8 36. Rxa8 Bxa8 37. Rd2 Kc7 38. Nc5 Bc6 39. Ne6+ Kb6
40. Rb2+ Ka5 41. Nxg7 Bf3 42. Ne6 h5 43. Rb5+ Ka6 44. Nc5+ 1-0